[Event "ITA-ch U20"]
[Site "Tarvisio"]
[Date "2023.07.09"]
[Round "9"]
[White "Treccozzi, Riccardo"]
[Black "Roma, Roberto"]
[Result "1-0"]
[WhiteElo "2001"]
[BlackElo "1759"]
[PlyCount "69"]
[EventDate "2023.07.02"]
[EventType "swiss"]
[EventRounds "9"]
[EventCountry "ITA"]
[SourceTitle "EXT 2024"]
[Source "ChessBase"]
[SourceDate "2023.10.10"]
[SourceVersion "1"]
[SourceVersionDate "2023.10.10"]
[SourceQuality "1"]

1. d4 d5 2. Bf4 Nf6 3. e3 e6 4. Nf3 Bd6 5. Bg3 b6 6. Bd3 Bb7 7. Nbd2 0-0 8. Ne5 Ne4 9. f3 Nxg3 10. hxg3 g6 11. f4 Nd7 12. Qg4 Kg7 13. Nxf7 Rxf7 14. Rxh7+ Kxh7 15. Qxg6+ Kh8 16. Qxf7 Qg8 17. Qh5+ Kg7 18. Nf3 Kf8 19. Ng5 Nf6 20. Qf3 Ke7 21. 0-0-0 Re8 22. Rh1 Qg7 23. g4 Rh8 24. Rh3 Kd7 25. c3 Be7 26. Kd2 Ne8 27. Rxh8 Qxh8 28. Nf7 Qg8 29. Ne5+ Kc8 30. g5 Nd6 31. Qh3 Bf8 32. Bh7 Ne4+ 33. Kc2 Qg7 34. Qxe6+ Kb8 35. Nd7+ 1-0

[Event "ITA-ch U20"]
[Site "Tarvisio"]
[Date "2023.07.07"]
[Round "7"]
[White "Treccozzi, Riccardo"]
[Black "Battaglini, Marco"]
[Result "0-1"]
[WhiteElo "2001"]
[BlackElo "1913"]
[PlyCount "86"]
[EventDate "2023.07.02"]
[EventType "swiss"]
[EventRounds "9"]
[EventCountry "ITA"]
[SourceTitle "EXT 2024"]
[Source "ChessBase"]
[SourceDate "2023.10.10"]
[SourceVersion "1"]
[SourceVersionDate "2023.10.10"]
[SourceQuality "1"]

1. d4 d5 2. Bf4 Nf6 3. e3 c5 4. Nf3 Nc6 5. Nbd2 Qb6 6. dxc5 Qxb2 7. Rb1 Qc3 8. Bb5 e6 9. 0-0 Bxc5 10. Be5 Qa5 11. c4 Be7 12. Qb3 0-0 13. Bxf6 Bxf6 14. cxd5 exd5 15. Bd3 Rb8 16. Qc2 Nb4 17. Bxh7+ Kh8 18. Qb3 Nxa2 19. Bd3 Be6 20. Nd4 Bxd4 21. exd4 Qxd2 22. Rfd1 Qc3 23. Qxa2 Qxd4 24. Bf1 Qc5 25. Rdc1 d4 26. Rxc5 Bxa2 27. Ra1 Be6 28. Rxa7 Rfc8 29. Rxc8+ Rxc8 30. f4 Rd8 31. Bd3 b5 32. Kf2 Bc4 33. Ke2 g5 34. fxg5 Re8+ 35. Kd2 Re3 36. Bxc4 bxc4 37. Rxf7 c3+ 38. Kd1 d3 39. Rf8+ Kg7 40. Rf3 c2+ 41. Kd2 Re1 42. Kxe1 c1Q+ 43. Kf2 d2 0-1